| 000 | 01246nam a2200325 a 4500 | ||
|---|---|---|---|
| 001 | ebr10080966 | ||
| 003 | CaPaEBR | ||
| 006 | m u | ||
| 007 | cr cn||||||||| | ||
| 008 | 010525s2001 enka sb 001 0 eng d | ||
| 015 | _aGBA1-28990 | ||
| 020 | _z9781412933339 | ||
| 020 | _z0761966641 | ||
| 020 | _z076196665X (pbk.) | ||
| 040 |
_aCaPaEBR _cCaPaEBR |
||
| 035 | _a(OCoLC)70774202 | ||
| 050 | 1 | 4 |
_aP93.5 _b.R67 2001eb |
| 082 | 0 | 4 |
_a302.23 _221 |
| 100 | 1 | _aRose, Gillian. | |
| 245 | 1 | 0 |
_aVisual methodologies _h[electronic resource] : _ban introduction to the interpretation of visual materials / _cGillian Rose. |
| 260 |
_aLondon ; _aThousand Oaks, Calif. : _bSage, _c2001. |
||
| 300 |
_ax, 229 p. : _bill. |
||
| 504 | _aIncludes bibliographical references (p. [207]-215) and index. | ||
| 533 |
_aElectronic reproduction. _bPalo Alto, Calif. : _cebrary, _d2013. _nAvailable via World Wide Web. _nAccess may be limited to ebrary affiliated libraries. |
||
| 650 | 0 | _aVisual communication. | |
| 650 | 0 | _aVisual literacy. | |
| 655 | 7 |
_aElectronic books. _2local |
|
| 710 | 2 | _aebrary, Inc. | |
| 856 | 4 | 0 |
_uhttp://site.ebrary.com/lib/rucke/Doc?id=10080966 _zAn electronic book accessible through the World Wide Web; click to view |
| 999 |
_c157883 _d157883 |
||